000 00500nam a2200181Ia 4500
008 100917s9999 xx 000 0 und d
082 _b57193
100 _aआठवले अनंत दा. - अनु.
245 _aज्ञानेश्वरी
260 _b---
_c---
300 _a1027/39
365 _b0
520 _aपुराण
630 _aज्ञानेश्वरी
650 _aपुराण
730 _aज्ञानेश्वरी
942 _cBOOK
999 _c662587
_d662584